000 00787nam a22002297a 4500
999 _c7948
_d7948
003 OSt
005 20220808110601.0
008 220808b ||||| |||| 00| 0 eng d
020 _a9789813148840
040 _cDDC
082 _a511.6 MIK 2017
100 _aBóna, Miklós.
_916145
245 _aA walk through combinatorics :
_b an introduction to enumeration and graph theory
250 _a4th edition.
260 _aNew Jersey :
_bWorld Scientific;
_c©2017
300 _axx, 593 pages :
_b illustrations ;
_c 24 cm
504 _aIncludes bibliographical references and index.
650 _aCombinatorial analysis -- Textbooks.
_916146
650 _aCombinatorial enumeration problems -- Textbooks.
_916147
650 _aGraph theory -- Textbooks.
_916148
942 _2ddc
_cBOOK